|
|
|
|
| LEADER |
00000nam a2200000 a 4500 |
| 001 |
vtls008301328 |
| 003 |
SK-MaSNL |
| 005 |
20260425222609.0 |
| 008 |
240315s2005 xo oa g a 000 0 slo |
| 015 |
|
|
|a SNBA2006/01-00253
|
| 020 |
|
|
|a 8080522200
|q (brož.)
|
| 035 |
|
|
|a DCF0E60A-F35C-4085-BD30-89F547860F1F
|
| 035 |
|
|
|a urn:nbn:sk:snk-amkyu4
|
| 035 |
|
|
|a urn:nbn:sk:snk-am008poz
|
| 040 |
|
|
|a SNK
|b slo
|c SNK
|e AACR2
|
| 041 |
0 |
|
|a slo
|b eng
|
| 044 |
|
|
|a xo
|c SK
|
| 072 |
|
7 |
|a 811.111
|x Angličtina
|2 konspekt
|
| 080 |
|
|
|a 371.3
|2 MDT-MRF
|
| 080 |
|
|
|a (072)
|2 MDT-MRF
|
| 080 |
|
|
|a 811.111
|2 MDT-MRF
|
| 100 |
1 |
|
|a Bérešová, Jana,
|d 1959-
|4 aut
|9 27855
|
| 245 |
1 |
0 |
|a Test vo výučbe anglického jazyka
|c Jana Bérešová
|
| 250 |
|
|
|a 1. vyd.
|
| 260 |
|
|
|a Bratislava
|b Metodiocko-pedagogické centrum
|c 2005
|
| 300 |
|
|
|a 111 s.
|b fotogr., sch., ilustr.
|c 25 cm
|
| 500 |
|
|
|a Slovník
|
| 504 |
|
|
|a Bibliogr. s. 101-103
|
| 546 |
|
|
|a Res. slov., angl.
|
| 650 |
0 |
7 |
|a angličtina
|2 SNKPH
|9 1260
|
| 650 |
0 |
7 |
|a štúdium a výučba
|2 SNKPH
|9 3982
|
| 655 |
|
7 |
|a metodické príručky
|2 SNKPH
|9 70250
|
| 919 |
|
|
|a 80-8052-220-0
|
| 958 |
|
|
|a OND
|
| 968 |
|
|
|d 81
|
| 999 |
|
|
|c 562182
|d 564112
|
| 952 |
|
|
|a SNK
|b SNK
|y PREZ
|7 0
|p 17A0485109
|o snkSC 121435
|i snk2005/16497
|8 0
|0 0
|1 0
|4 0
|d 2005-10-06
|f 1
|l 0
|r 2025-06-02 00:00:00
|w 2026-02-23
|
| 952 |
|
|
|a SNK
|b SNK
|y VYP
|7 0
|p 17A0485127
|o snkSC 121435 D1
|i snk2005/16499
|8 0
|0 0
|1 0
|4 0
|d 2005-10-06
|l 0
|r 2026-02-23 13:46:26
|w 2026-02-23
|
| 952 |
|
|
|t snkBER 802.0
|a SNKUST
|b SNKUST
|y PREZ
|7 0
|p 17A0485126
|o snkSC 121435 D2
|i snk2005/16500
|8 0
|0 0
|1 0
|4 0
|d 2005-10-06
|l 0
|r 2025-04-28 00:00:00
|w 2026-02-23
|